• 首页
  • 本馆介绍
  • 公告通知
  • 最新文献
  • 馆藏检索
  • 电子资源
  • 读者导购
  • 参考咨询
  • 我的图书馆
  • 登录
  • 详细信息显示
  • 放入我的书架
  • 预约/预借图书
  • 作者相关作品
  • 分类相关作品
  • 丛书相关作品
  • 出版社相关作品

书目信息

  • 表格格式
  • 工作单格式
  • 卡片格式
题名:
世界中世史
    
 
作者: 戚佑烈 编
分册: 上册  
出版信息: 长春   东北师范大学函授教育处  1957
页数: 326页
开本: 21cm
丛书名:
单 册:
中图分类: K303
科图分类:
主题词: 亚洲--历史
电子资源:
ISBN:
000 00496nam0 2200181 450
001 0630973296
005 20060818104321.81
100    @a20060731d1957 km y0chiy0120 ea
101 0  @achi
102    @aCN@b220000
200 1  @a世界中世史@Ashi jie zhong shi shi@h上册@f戚佑烈编@Fqi you lie bian
210    @a长春@c东北师范大学函授教育处@d1957
215    @a326页@d21cm
606 0  @a亚洲@x历史
690    @aK303@v3
701  0 @a戚佑烈@Aqi you lie@4编
801  0 @aCN@bPFT@c20060818
905    @a10447@dK303@e4
    
    世界中世史.上册/戚佑烈编.-长春:东北师范大学函授教育处,1957
    326页;21cm
    
    
    ISBN :
    
●
相关链接 在E读中查询图书 在五车中查询图书 在当当中查询图书 在豆瓣中查询图书


正题名:世界中世史     索取号:K303/4         预约/预借

序号 登录号 条形码 馆藏地/架位号 状态 备注
1 0443823   204438233   密集书库/ [索取号:K303/4] 在馆    
2 0466514   204665148   密集书库/ [索取号:K303/4] 在馆    
唐山师范学院图书馆 欢迎您!
大连网信软件有限公司© 版权所有